00834 a2200145 4500003000500000005001700005040000900022082001600031100001800047245009500065260005000160300001600210505044800226650001400674NUST20221205162240.0 cNust a150.947,PRE aO'connor,Neil aPresent- Day Russian psychology :bA symposium by seven author /cEditor by Neil O' Connor aIslamabadbNational Book Foundation Islc1965 axv,198 p .: aAttention Consciousness and Voluntary Control of Behavior in Society Psychology : Philosophical Roots and Research Branches (Page-1), Psychotherapy in the Soviet union (Page-39), Some Statistical and Cybernetic Models in Recent Soviet Psychology (Page-63), Abnormal Psychology in the U.S.S.R. (Page-92), Soviet Psycholinguistics (Page-109), Studies on the Mental Development of the Child (Page-152), Contemporary soviet Psychology (Page-178). aPsycholoy